000 00704nam a22002297a 4500
003 UA-OsUOA
001 130410
007 ta
008 20180423b un ||||| |||| 00| 0 ukr d
100 _aСікерська Н. М.
700 _aБуйських А. В.
090 _a902
_bС41
942 _cSA
040 _aUA-OsUOA
_bukr
_cUA-OsUOA
_dUA-OsUOA
245 _aПро час заснування Ніконія ( за матеріалами східногрецької кераміки)
300 _aС.37-45
955 _a0
041 _aukr
080 _a902
773 0 _w130408
_tАрхеологія
_dК.
_d2018
_g1
650 7 _a9 Географія. Біографії. Історія
_2UDC
999 _c418440
_d418440